00726nam a2200217Ia 4500003000400000005001700004008004100021020001500062040001800077041000800095082002200103245016700125250001200292260003400304300002700338650004800365650003200413700002600445700001700471700002000488OSt20250225101007.0210716s1995 xx 000 0 und d a0582876516 cAIMIT LIBRARY aeng a658.406 21bPATM aOrganisational change strategies: bcase studies of human resource and industrial relations issues /cEdited by Margaret Patrickson; Val Bamber and Greg J Bamber. a1st ed. aAustralia :bLongman ;c1995. axi,322p. ;bPBc24 cm. aEnvironmental scanning and strategic bamber aInvolving senior management aPatrickson, Margaret. aBamber, Val. aBamber, Greg J.